000 00623nam a2200229Ia 4500
999 _c44461
_d44461
003 0100
005 20171018093326.0
008 130303s9999 xx 000 0 und d
040 _cARRUPELIB
050 _aB434.T53
100 _aAquinas, Thomas, St
_99346
245 _aAristotle: On interpretation
245 _bcommentary by St. Thomas and Cajetan
260 _aMilwaukee, Wisconsin
260 _bMarquette University Press
300 _a271p.
300 _b 23cm.
440 _aMediaeval philosophical texts in translation No. 11
_937195
600 _aAristotle. De interpretatio
_937196
700 _aCajetan, Tommaso de Vio
_937197
942 _2lcc
_cMONOGRAPH